ბათუმის შოთა რუსთაველის სახელმწიფო უნივერსიტეტის ბიბლიოთეკა

Дорога в Россию (ბიბ.ჩანაწერი № 49471)

000 -LEADER
fixed length control field 00846nam a2200265Ia 4500
001 - CONTROL NUMBER
control field 16395
003 - CONTROL NUMBER IDENTIFIER
control field GE_BSU
008 - FIXED-LENGTH DATA ELEMENTS--GENERAL INFORMATION
fixed length control field 181216s||||||||xx |||||||||||||| ||und||
020 ## - INTERNATIONAL STANDARD BOOK NUMBER
International Standard Book Number 586547389
040 ## - CATALOGING SOURCE
Transcribing agency GE_BSU
080 ## - UNIVERSAL DECIMAL CLASSIFICATION NUMBER
Universal Decimal Classification number 811.161.1
100 ## - MAIN ENTRY--PERSONAL NAME
Personal name Антонова В,Е. М,М,Нахабина.А,А,Тольстых
245 ## - TITLE STATEMENT
Title Дорога в Россию
245 ## - TITLE STATEMENT
Remainder of title Учеб.русского языка:(Первый уровень-II):3
245 ## - TITLE STATEMENT
Statement of responsibility, etc. худ:Т,А, Сытая. А,Н,Новинкова
260 ## - PUBLICATION, DISTRIBUTION, ETC.
Place of publication, distribution, etc. Санкт-Петербург
260 ## - PUBLICATION, DISTRIBUTION, ETC.
Name of publisher, distributor, etc. Златоуст
260 ## - PUBLICATION, DISTRIBUTION, ETC.
Date of publication, distribution, etc. 2006
300 ## - PHYSICAL DESCRIPTION
Extent 184стр, ил, 29см
653 ## - INDEX TERM--UNCONTROLLED
Uncontrolled term Дорога в Россию
653 ## - INDEX TERM--UNCONTROLLED
Uncontrolled term Русский Язык
653 ## - INDEX TERM--UNCONTROLLED
Uncontrolled term რუსული ენა :გრამატიკა
942 ## - ADDED ENTRY ELEMENTS (KOHA)
Koha item type წიგნი
ეგზემპლარები
Withdrawn status Lost status Damaged status Not for loan Date acquired Barcode Date last seen Price effective from Koha item type
        2018-12-17 40964 2018-12-17 2018-12-17 წიგნი
        2018-12-17 40965 2018-12-17 2018-12-17 წიგნი
        2018-12-17 40966 2018-12-17 2018-12-17 წიგნი
        2018-12-17 40967 2018-12-17 2018-12-17 წიგნი
        2018-12-17 40968 2018-12-17 2018-12-17 წიგნი
        2018-12-17 40969 2018-12-17 2018-12-17 წიგნი
        2018-12-17 40970 2018-12-17 2018-12-17 წიგნი
        2018-12-17 40971 2018-12-17 2018-12-17 წიგნი